| 000 | 00545nam a22001817a 4500 | ||
|---|---|---|---|
| 008 | 160927b xxu||||| |||| 00| 0 eng d | ||
| 020 | _a0136123139 | ||
| 050 | _aHB 171.5 .B155 2010 | ||
| 100 | _aBade, Robin | ||
| 245 |
_aFoundations of Microeconomics/ _cRobin Bade and Michael Parkin |
||
| 250 | _a5th ed. | ||
| 260 |
_aBoston: _bAddison Wesley, _c2010 |
||
| 300 |
_axxiv, 508p. : _bill. ; |
||
| 500 | _aIncludes index. | ||
| 650 | _aEconomics | ||
| 700 | _aParkin, Michael | ||
| 942 |
_2lcc _cBOOKS _hHB 171.5 .B155 2010 _03 |
||
| 999 |
_c14150 _d14150 |
||